000
00307nam a22001337a 4500
008
171101b xxu||||| |||| 00| 0 eng d
020
_a
9780470744796
041
_a
eng
080
_2
5 ED
_a
33
100
_a
59
101
_a
BUS
245
_a
RESEARCH METHODS FOR BSSINESS
_c
ROGER.B
942
_2
udc
_c
BK
999
_c
36929
_d
36929